000 01020nam a22002175i 4500
001 165262
003 ES-MaACL
005 20230906213111.0
008 010814s1881 sp |||| | spa d
040 _aAR
_bspa
_cAR
100 1 _aSerrat y Weyler, Fernando.
_9105819
245 1 4 _aLos mosqueteros grises
_b: zarzuela en tres actos y en prosa, arreglada a la escena española /
_cpor F. Serrat y Weyler y Juan M. Casademunt ; música de Luis Varney.
260 _aMadrid :
_b[Administración Lírico-Dramática],
_c1881 (
_fJosé Rodríguez)
300 _a82 p ;
_c19 cm.
500 _aRepresentada en el Teatro Español de Barcelona el 24 de agosto de 1881 y en el Teatro-Crico de Price de Madrid, el 17 de noviembre del mismo año.
500 _aSolo la letra.
596 _aEdic.: el dato de ed. consta en la cub.
700 1 _aCasademunt, Juan M.
_935999
700 1 _aVarney, Louis.
_9133562
852 _aES-MaACL
_jD-2525(12)
_z-- Enc. hol., conservando la cub. original
_z-- Legado de Modesto de la Fuente
999 _c165262
_d165262